000 00506nam a2200193 a 4500
001 1768630936326
003 YourLibrary
005 20260117115417.0
008 260117s1998##################000#0#eng##
020 _a9780688158255
082 0 4 _a618.24019
_bBAR
100 1 _aBarron, James D.,
_eauthor.
245 1 0 _aShe's Having a Baby :
260 _bHarper Collins,
_c1998.
300 _a194 pages
650 0 _aFamily & Relationships.
942 _cENGLISH
040 _aYourLibrary
_beng
_cYourLibrary
999 _c608428
_d608428